Регионална библиотека "Любен Каравелов" - Русе

Горски вестник (Запис номер 149983)

MARC детайли
000 -Лидер
Контролно поле с фиксирана дължина 01551nam a2200397 c 4500
003 - Код на организацията, давaща контролен номер
Контролно поле BLK
005 - Дата и час на последна редакция
Контролно поле 20231220005302.0
008 - Елементи от данни с фиксирана дължина
fixed length control field 180410b bul|||||r ||||||| ||bul||
010 ## - Наследен системен номер
LC control number KNG00156290000
020 ## - Международен стандартен номер на книга ISBN
Международен стандартен номер на книга ISBN 978-954-431-877-2
040 ## - Източник на каталожния запис
Идентификатор на билиотеката - собственик на записа BLK
041 ## - Код за език
Код за езика на текст/звукозапис или на отделно заглавие Български
Код за езика КДБФ Български
072 #7 - Код за тематичната категория
Код организация bullib
Код за тематична категория Н85
Текст Детска художествена литература Н
080 ## - УДК
Текстов определител УДК Българска литература
УДК код - определител по УДК 821.163.2
УДК определител -93-1
УДК - код + определител 821.163.2-93-1
100 1# - Редна дума - Автор
Автор Попова, Савина
Авторска отговорност първи автор
R(LIN) 380508
139 ## - Редно поле
Редна дума Попова, Савина
Авторски знак Попов - П 76
245 10 - Сведения за заглавието
Заглавие Горски вестник
Редно поле (дума) Савина Попова; худож. Галин Николаев Георгиев; худож. Светлана Ангелова Князева.
257 ## - Страна на издаване
Страна на създаване/издаване България
260 ## - Област на издателските данни
Име на издателя, разпространителя и проч. Златното пате
Година на издаване 2012
Печатница София : Образование и наука
300 ## - Физическа характеристика
Страници 10 с.
Илюстрации и др. с цв. ил.
Размери/Мащаб 23Х22 см
380 ## - Жанр
Жанр Детска худож. лит.
490 ## - СЕРИИ (Колекции)
Име на серия Поредица Горски новини
9 (RLIN) 206411
500 ## - Общи забележки
Забележка Кор. опис.
653 ## - Ключова дума – ненормативна
Ключова дума стихотворения за деца
653 ## - Ключова дума – ненормативна
Ключова дума книжки-картинки
659 ## - Тематичен бюлетин
Тематичен бюлетин Н
700 ## - Други автори (авторска отговорност)
Лично име Георгиев, Галин Николаев
9 (RLIN) 368580
700 1# - Други автори (авторска отговорност)
Лично име Князева, Светлана Ангелова
Автороска отговорност (Описва отношението между автора и произведението) худож.
9 (RLIN) 367584
852 ## - Местоположение
Форматна сигнатура Цб 263257
856 4# - Електронен адрес и достъп
Електронен формат pdf - файл
856 4# - Електронен адрес и достъп
Електронен формат pdf - файл
999 ## - СИСТЕМНИ КОНТРОЛНИ НОМЕРА
Koha biblionumber 149983
Koha biblioitemnumber 149983
942 ## - АРТИКУЛИ
Вид на библиотечния материал Книги
Скрит в OPAC Не
Koha issues (borrowed), all copies 3
Периодичен библиозапис Да
944 ## - СЪЗДАВАНЕ И РЕДАКЦИЯ на ЗАПИСА
Създаване/Редакция Създаване
Дата на регистрацията/редакция 04.02.2014
Служител, извършил регистрацията/редакцията
Статус, дата на статуса CRON CRON
944 ## - СЪЗДАВАНЕ И РЕДАКЦИЯ на ЗАПИСА
Създаване/Редакция Редакция
Дата на регистрацията/редакция 10.10.2014
999 ## - СИСТЕМНИ КОНТРОЛНИ НОМЕРА
Koha biblioitemnumber 149983
Наличности
Код за отписване Код за изгубен артикул Код за повреда Коз за рестрикции Код за отдаване Артикулен № Име на библиотеката - собственик Име на библиотеката, в която се намира в момента Статус (Текущо местоположение) Дата на вписване в системата Местоположение - отдел Цена в лева Инвентарен номер Систематично азбучна сигнатура Баркод Номер на екземпляра Цена в евро Служебна бележка Служебен тип на артикула Източник на класификационната схема
  Не е изгубен Не е повреден без рестрикции ползва се в читалня 250445 Регионална библиотека "Любен Каравелов" Русе Регионална библиотека "Любен Каравелов" Русе Хранилище 2014-02-06 Хранилище 2.50 120000774069 Цб 263257 120000774069 1 1.28 Дост: Dp Вид: Д N: 5 Дата: 04.02.2013 Книги  
Изтеглен Не е изгубен Не е повреден без рестрикции заемане за дома 693108 Регионална библиотека "Любен Каравелов" Русе Регионална библиотека "Любен Каравелов" Русе Детски отдел 2019-03-13 Детски отдел 2.50   ДХ 886.7/П 76 120000830915   1.28   Книги Universal Decimal Classification
Vip Innovations Ltd, Rousse, Bulgaria 2025